|
|
|
|
| LEADER |
00000nam0a2200000 4500 |
| 001 |
23767 |
| 005 |
20231030195922.0 |
| 010 |
|
|
|a 5160002995
|
| 035 |
|
|
|a (RuTPU)RU\TPU\book\23992
|
| 035 |
|
|
|a BOOK00024065
|
| 090 |
|
|
|a 23767
|
| 100 |
|
|
|a 20011209d2000 m y0rusy50 ca
|
| 101 |
0 |
|
|a rus
|
| 102 |
|
|
|a RU
|
| 105 |
|
|
|a y j 001zy
|
| 200 |
1 |
|
|a Предпринимательство
|e учебник
|f М. Г. Лапуста, А. Г. Поршнев, Ю. Л. Старостин, Л. Г. Скамай
|
| 210 |
|
|
|a Москва
|c Инфра-М
|d 2000
|
| 215 |
|
|
|a 448 с.
|
| 225 |
1 |
|
|a Высшее образование
|
| 320 |
|
|
|a Библиогр.: с. 447-448.
|
| 451 |
|
1 |
|0 (RuTPU)RU\TPU\book\37742
|y 5-16-000299-5
|t Предпринимательство
|o учебник для вузов
|f М. Г. Лапуста, А. Г. Поршнев, Ю. Л. Старостин, Л. Г. Скамай
|c М.
|n Инфра-М
|d 2001
|p 448 с.
|s Высшее образование
|
| 610 |
1 |
|
|a экономика
|
| 610 |
1 |
|
|a экономическая теория
|
| 610 |
1 |
|
|a предпринимательство
|
| 610 |
1 |
|
|a предпринимательская деятельность
|
| 610 |
1 |
|
|a индивидуальный предприниматель
|
| 610 |
1 |
|
|a малое предпринимательство
|
| 610 |
1 |
|
|a планирование
|
| 610 |
1 |
|
|a бизнес
|
| 610 |
1 |
|
|a финансы
|
| 610 |
1 |
|
|a расчеты
|
| 610 |
1 |
|
|a безналичные расчеты
|
| 610 |
1 |
|
|a кассовые операции
|
| 610 |
1 |
|
|a кадры
|
| 610 |
1 |
|
|a договоры
|
| 610 |
1 |
|
|a налогообложение
|
| 610 |
1 |
|
|a тайна
|
| 610 |
1 |
|
|a защита
|
| 610 |
1 |
|
|a культура
|
| 610 |
1 |
|
|a риски
|
| 610 |
1 |
|
|a ответственность
|
| 610 |
1 |
|
|a банкротство
|
| 610 |
1 |
|
|a учебные пособия
|
| 686 |
|
|
|a У012.12я73
|v LBC/SL-A
|2 rubbk
|
| 701 |
|
1 |
|a Лапуста
|b М. Г.
|g Михаил Григорьевич
|
| 701 |
|
1 |
|a Поршнев
|b А. Г.
|
| 701 |
|
1 |
|a Старостин
|b Ю. Л.
|
| 701 |
|
1 |
|a Скамай
|b Л. Г.
|
| 801 |
|
0 |
|a RU
|b 63413507
|c 20011209
|g PSBO
|
| 801 |
|
2 |
|a RU
|b 63413507
|c 20081113
|g PSBO
|
| 942 |
|
|
|c BK
|